Женщины: романы; пер. с алтайск.

التفاصيل البيبلوغرافية
المؤلف الرئيسي: Кокышев Л. В. Лазарь Васильевич
مؤلفون آخرون: Китайник А. (переводчик)
اللغة:الروسية
منشور في: Новосибирск, Западно-Сибирское книжное издательство, 1982
الموضوعات:
التنسيق: MixedMaterials كتاب
KOHA link:https://koha.lib.tpu.ru/cgi-bin/koha/opac-detail.pl?biblionumber=141988

MARC

LEADER 00000nam0a2200000 4500
001 141988
005 20231101220937.0
020 |a RU  |b 82-20512 
035 |a (RuTPU)RU\TPU\book\153886 
090 |a 141988 
100 |a 20080829d1982 m y0rusy5003 ca 
101 1 |a rus  |c tut 
102 |a RU 
105 |a a z 000ay 
200 1 |a Женщины  |e романы  |e пер. с алтайск.  |f Л. В. Кокышев  |g пер. А. Китайник 
210 |a Новосибирск  |c Западно-Сибирское книжное издательство  |d 1982 
215 |a 382 с.  |c ил. 
606 1 |a Алтайская литература  |2 stltpush  |3 (RuTPU)RU\TPU\subj\72597  |9 86038 
610 1 |a советская литература 
610 1 |a романы 
610 1 |a женщины 
610 1 |a Алтайский край 
610 1 |a проза 
675 |a 894.381  |v 3 
700 1 |a Кокышев  |b Л. В.  |g Лазарь Васильевич 
702 1 |a Китайник  |b А.  |4 730 
801 0 |a RU  |b RuMRKP  |c 19950704  |g psbo 
801 1 |a RU  |b 63413507  |c 20080829  |g PSBO 
801 2 |a RU  |b 63413507  |c 20200914  |g PSBO 
942 |c BK